Statistics for ESPN Top 100 Baseball Players of 2014

Click here to take the quiz!

General Stats

  • This quiz has been taken 1,626 times
  • The average score is 32 of 100

Answer Stats

RankPOSAnswer% Correct
1OFMike Trout
95%
3LHPClayton Kershaw
87%
21B/3BMiguel Cabrera
81%
541B/DHAlbert Pujols
66%
9CBuster Posey
65%
39DHDavid Ortiz
65%
10RHPJustin Verlander
64%
19LF/RFBryce Harper
63%
13RHPMax Scherzer
59%
72B^Robinson Cano
59%
4CFAndrew McCutchen
58%
471BAdrian Gonzalez
53%
35LFCarlos Gonzalez
53%
12CYadier Molina
53%
341BChris Davis
52%
57LHPGio Gonzalez
52%
5RHPFelix Hernandez
51%
381B^Prince Fielder
51%
59CFAdam Jones
50%
202BDustin Pedroia
50%
15LHPDavid Price
48%
27RFGiancarlo Stanton
48%
41RFJose Bautista
48%
61BJoey Votto
46%
17SSTroy Tulowitzki
46%
96OFJosh Hamilton
44%
40LHPMadison Bumgarner
43%
32SSHanley Ramirez
42%
24RF/LFRyan Braun
41%
53LHPJon Lester
40%
373BJosh Donaldson
39%
31RFYasiel Puig
39%
26RHPZack Greinke
39%
22RHPAdam Wainwright
38%
143BEvan Longoria
38%
33C/IBJoe Mauer
38%
89CFMatt Kemp
37%
161BPaul Goldschmidt
37%
233BAdrian Beltre
36%
71LHPC.C. Sabathia
36%
511B/DHEdwin Encarnacion
36%
68RHPMatt Cain
36%
18LHPChris Sale
35%
58RHPJordan Zimmerman
35%
423BManny Machado
35%
703BRyan Zimmerman
35%
213BDavid Wright
34%
28RHPStephen Strasburg
34%
30LHPCliff Lee
33%
63LFAlex Gordon
32%
11RHPJose Fernandez
32%
48LHPAroldis Chapman
31%
822B^Ian Kinsler
31%
29CF^Jacoby Ellsbury
31%
923BPablo Sandoval
31%
361BFreddie Freeman
30%
72LFJustin Upton
30%
453B/2BMatt Carpenter
29%
43LHPCole Hamels
28%
25RHPCraig Kimbrel
28%
49LFMatt Holliday
27%
75SSJose Reyes
26%
8RHPYu Darvish
26%
76RF^Carlos Beltran
25%
94CSalvador Perez
25%
46RHPJames Shields
24%
87RHP*Masahiro Tanaka
23%
61C^Brian McCann
22%
44CFCarlos Gomez
22%
93RFHunter Pence
22%
55RFJason Heyward
21%
62RFJay Bruce
20%
64RHPGerrit Cole
17%
85RFJayson Werth
17%
52SSAndrelton Simmons
16%
50RHPAnibal Sanchez
16%
672BJason Kipnis
13%
97CMatt Wieters
13%
74SSIan Desmond
12%
862BBen Zobrist
11%
73RHPGreg Holland
11%
66RHPKenley Jansen
11%
56RHPMichael Wacha
10%
65LF^Shin-Soo Choo
10%
983BChase Headley
9%
78LHPFrancisco Liriano
9%
60RFWil Myers
9%
99SS*Xander Bogaerts
9%
811B/RFAllen Craig
8%
84RHP^Doug Fister
8%
80LHPMatt Moore
8%
69RHPKoji Uehara
7%
90RHPHisashi Iwakuma
6%
95SSJean Segura
6%
88RHPJustin Masterson
5%
79RHPMat Latos
5%
77RHPTrevor Rosenthal
5%
83RHPAlex Cobb
4%
91RHPClay Buchholtz
4%
100OFGerardo Parra
4%

Score Distribution

Percentile by Number Answered

Percent of People with Each Score

Your Score History

You have not taken this quiz